Vnútropodnikové smernice nevyhnutné pre činnosť každej firmy kompletné vzory vnútropodnikových smerníc z oblasti účtovníctva, miezd, pracovnoprávnych vzťahov a bezpečnosti práce
Uložené v:
| Ďalší autori: | |
|---|---|
| Médium: | Kniha |
| Jazyk: | Slovak |
| Vydavateľské údaje: |
Bratislava
Verlag Dashöfer
2006
|
| Vydanie: | verzia 1.7, 2006 |
| Predmet: | |
| Tagy: |
Žiadne tagy, Buďte prvý, kto otaguje tento záznam!
|
MARC
| LEADER | 00000nlm$a2200000$$$4500 | ||
|---|---|---|---|
| 001 | 0051187 | ||
| 005 | 20160623131716.8 | ||
| 041 | 0 | |a slo | |
| 044 | |a SK | ||
| 245 | 1 | 0 | |a Vnútropodnikové smernice nevyhnutné pre činnosť každej firmy |b kompletné vzory vnútropodnikových smerníc z oblasti účtovníctva, miezd, pracovnoprávnych vzťahov a bezpečnosti práce |c zodpovedná redaktorka: Renáta Matějková |
| 250 | |a verzia 1.7, 2006 | ||
| 264 | 1 | |a Bratislava |b Verlag Dashöfer |c 2006 | |
| 300 | |a CD-ROM |e užívateľský manuál | ||
| 610 | 2 | 0 | |a smernice |
| 610 | 2 | 0 | |a podnik |
| 610 | 2 | 0 | |a vzory |
| 610 | 2 | 0 | |a účtovníctvo |
| 610 | 2 | 0 | |a mzdy |
| 610 | 2 | 0 | |a vzťahy pracovnoprávne |
| 610 | 2 | 0 | |a bezpečnosť práce |
| 700 | 1 | |a Matějková, Renáta | |